[Event "Russian Championship Superfinal (Women)"]
[Site "Moscow RUS"]
[Date "2009.12.29"]
[EventDate "2009.12.20"]
[Round "9"]
[Result "1/2-1/2"]
[White "Tatiana Kosintseva"]
[Black "Nadezhda Kosintseva"]
[WhiteElo "2522"]
[BlackElo "2518"]
[PlyCount "25"]

1. e4 c5 2. Nf3 d6 3. d4 cxd4 4. Nxd4 Nf6 5. Nc3 Nc6 6. Bg5 e6
7. Qd2 a6 8. O-O-O Bd7 9. f3 Be7 10. Kb1 Rc8 11. g4 Nxd4
12. Qxd4 O-O 13. Be3 1/2-1/2

[Event "FIDE Women Grand Prix"]
[Site "Ulaanbaatar MGL"]
[Date "2010.08.06"]
[EventDate "2010.07.30"]
[Round "7"]
[Result "1-0"]
[White "Tatiana Kosintseva"]
[Black "Zhao Xue"]
[WhiteElo "2562"]
[BlackElo "2462"]
[PlyCount "117"]

1. e4 e5 2. Nf3 Nc6 3. Bb5 Bc5 4. c3 Bb6 5. d3 Nf6 6. Nbd2 O-O
7. O-O d6 8. Ba4 Ne7 9. Nc4 Ng6 10. Bc2 Be6 11. Nxb6 axb6
12. d4 h6 13. h3 Qe7 14. a3 Nh7 15. Be3 Kh8 16. Re1 Rad8
17. a4 Ra8 18. b4 Nh4 19. a5 bxa5 20. bxa5 Qf6 21. Nxh4 Qxh4
22. d5 Bc8 23. c4 f5 24. exf5 Qxc4 25. g4 Nf6 26. Bb3 Qb5
27. Bd2 b6 28. Rc1 bxa5 29. Ba4 Qd3 30. Bc6 Qxh3 31. Rc3 Qh4
32. Rg3 Ba6 33. Kg2 Nh7 34. Bxa8 Rxa8 35. Bxa5 Bb7 36. Qb3 Ra7
37. Bxc7 Qe7 38. Bb6 Ra6 39. Bd8 Qf7 40. Rd1 Ra8 41. Qb6 Bxd5+
42. Kg1 Qd7 43. Rxd5 Rxd8 44. Rgd3 Rg8 45. Qxd6 Qa4 46. Qxe5
Qxg4+ 47. Rg3 Qh4 48. Kg2 Qf6 49. Qe6 Qh4 50. Qe5 Qf6 51. Rg6
Qxe5 52. Rxe5 Nf6 53. Kf3 Ra8 54. Re7 Ra3+ 55. Kg2 Nh5 56. Rd6
Ra5 57. Rd8+ Kh7 58. Rf8 Nf6 59. Rxf6 1-0

[Event "FIDE Women Grand Prix"]
[Site "Ulaanbaatar MGL"]
[Date "2010.08.07"]
[EventDate "2010.07.30"]
[Round "8"]
[Result "1/2-1/2"]
[White "Yuhua Xu"]
[Black "Tatiana Kosintseva"]
[WhiteElo "2488"]
[BlackElo "2562"]
[PlyCount "45"]

1. e4 e5 2. Nf3 Nc6 3. Bb5 a6 4. Ba4 Nf6 5. O-O Be7 6. Re1 b5
7. Bb3 O-O 8. c3 d6 9. h3 Nb8 10. d4 Nbd7 11. Nbd2 Bb7 12. Bc2
c5 13. d5 g6 14. b3 Nh5 15. Nf1 a5 16. Bh6 Re8 17. Bd3 b4
18. Bb5 Qc7 19. Rc1 Ba6 20. Bc6 Bb7 21. Bb5 Ba6 22. Bc6 Bb7
23. Bb5 1/2-1/2

[Event "Cap d'Agde (B)"]
[Site "Cap d'Agde FRA"]
[Date "2010.10.24"]
[EventDate "2010.10.23"]
[Round "2"]
[Result "0-1"]
[White "Tatiana Kosintseva"]
[Black "Jon Ludvig Hammer"]
[WhiteElo "2573"]
[BlackElo "2633"]
[PlyCount "164"]

1. e4 e5 2. Nf3 Nc6 3. Bb5 a6 4. Ba4 Nf6 5. O-O Be7 6. Re1 b5
7. Bb3 d6 8. c3 O-O 9. h3 Nb8 10. d4 Nbd7 11. Nbd2 Bb7 12. Bc2
Re8 13. Nf1 Bf8 14. Ng3 g6 15. b3 Bg7 16. d5 Rc8 17. c4 c6
18. Bg5 h6 19. Be3 Nb6 20. Qe2 cxd5 21. cxd5 Nbxd5 22. exd5
Nxd5 23. Rac1 f5 24. Nxf5 gxf5 25. Bxf5 Rxc1 26. Bxc1 Qf6
27. Qe4 Ba8 28. Qg4 Ne7 29. Be6+ Kf8 30. Bg5 hxg5 31. Nxg5 Qg6
32. Bf7 Qxf7 33. Nxf7 Kxf7 34. Qd7 Bf6 35. Qxd6 Rg8 36. g3 Nf5
37. Qd7+ Kg6 38. Qe6 Rd8 39. Rxe5 Nd4 40. Qg4+ Kf7 41. Qh5+
Kf8 42. Qh6+ Bg7 43. Qf4+ Kg8 44. Qxd4 Rxd4 45. Re8+ Kf7
46. Rxa8 Rd2 47. Ra7+ Kg8 48. Rxa6 Bd4 49. b4 Bxf2+ 50. Kf1
Kf7 51. Ra5 Bxg3 52. Rxb5 Rxa2 53. Rg5 Bd6 54. Rg2 Ra1+
55. Kf2 Bxb4 56. Kf3 Ra3+ 57. Kg4 Be7 58. Re2 Bf6 59. Re4 Kg6
60. h4 Ra1 61. h5+ Kf7 62. Re3 Ra4+ 63. Kf5 Ra5+ 64. Kg4 Rg5+
65. Kf4 Rxh5 66. Re4 Kg6 67. Kg4 Rh1 68. Kf3 Bg5 69. Rc4 Bf6
70. Re4 Kf5 71. Rf4+ Ke5 72. Re4+ Kd5 73. Ra4 Rh3+ 74. Kg2 Rb3
75. Ra2 Bd4 76. Kf1 Ke4 77. Re2+ Be3 78. Rc2 Ra3 79. Ke2 Bd4
80. Kf1 Kd3 81. Re2 Ra6 82. Re8 Rg6 0-1

[Event "Cap d'Agde (B)"]
[Site "Cap d'Agde FRA"]
[Date "2010.10.25"]
[EventDate "2010.10.23"]
[Round "5"]
[Result "0-1"]
[White "Tatiana Kosintseva"]
[Black "Tigran Gharamian"]
[WhiteElo "2573"]
[BlackElo "2658"]
[PlyCount "106"]

1. e4 c5 2. Nf3 d6 3. d4 cxd4 4. Nxd4 Nf6 5. Nc3 a6 6. Be3 e6
7. g4 e5 8. Nf5 g6 9. Qf3 gxf5 10. exf5 e4 11. Qe2 Rg8 12. Bh3
h6 13. O-O-O Nc6 14. Bf4 Kd7 15. Qc4 Kc7 16. Qxf7+ Kb8
17. Rhe1 Rg7 18. Qxf8 Qxf8 19. Bxd6+ Qxd6 20. Rxd6 Nxg4 21. f6
Rf7 22. Bxg4 Bxg4 23. Rxe4 h5 24. Re8+ Ka7 25. Rxa8+ Kxa8
26. Ne4 Bf5 27. Ng5 Rf8 28. f7 h4 29. Rf6 Ne7 30. Rh6 h3
31. Rf6 Kb8 32. Nf3 Kc7 33. Ne5 Be4 34. c4 Nc6 35. Ng4 Kd8
36. Rf4 Bg6 37. Nh6 Ke7 38. Rh4 Bxf7 39. Nxf7 Rxf7 40. Rxh3
Kd6 41. f3 Ne5 42. b3 Nxf3 43. Rh5 Rg7 44. Rd5+ Kc6 45. Rd3
Nxh2 46. Rd2 Nf3 47. Rf2 Rg3 48. Kb2 Kc5 49. Ka3 Ne5 50. Rf5
Re3 51. Rf4 b5 52. cxb5 axb5 53. Rh4 Nc4+ 0-1

[Event "60th Russian Women's SuperFinal"]
[Site "Moscow RUS"]
[Date "2010.11.16"]
[EventDate "2010.11.16"]
[Round "1"]
[Result "1/2-1/2"]
[White "Tatiana Kosintseva"]
[Black "Anastasia Bodnaruk"]
[WhiteElo "2581"]
[BlackElo "2407"]
[PlyCount "206"]

1. e4 c5 2. Nf3 d6 3. d4 cxd4 4. Nxd4 Nf6 5. Nc3 a6 6. Bg5 e6
7. f4 h6 8. Bh4 Nc6 9. Nxc6 bxc6 10. e5 g5 11. fxg5 Nd5
12. Ne4 Qb6 13. c3 Qxb2 14. Rb1 Qxa2 15. g6 fxg6 16. Bd3 Qxg2
17. Rf1 Be7 18. Bxe7 Kxe7 19. exd6+ Ke8 20. c4 Rf8 21. Rxf8+
Kxf8 22. cxd5 exd5 23. Ng3 Qg1+ 24. Bf1 Qe3+ 25. Qe2 Qxe2+
26. Nxe2 Ke8 27. Rb6 Kd7 28. Nd4 Kxd6 29. Rxc6+ Ke5 30. Nf3+
Kf4 31. Kf2 Bf5 32. Bxa6 Rb8 33. Nd4 Rb2+ 34. Ne2+ Ke5 35. Bc8
d4 36. Bxf5 gxf5 37. Rc5+ Kd6 38. Rc8 Ke7 39. Rc7+ Kd6 40. Rc4
Ke5 41. Rc5+ Kd6 42. Rc8 Ke7 43. Kf3 d3 44. Nf4 d2 45. Ke2
d1=Q+ 46. Kxd1 Rxh2 47. Rc6 Kf7 48. Ke1 Kg7 49. Kf1 Kf7
50. Kg1 Ra2 51. Kf1 Rb2 52. Ne2 h5 53. Kf2 h4 54. Kf3 h3
55. Rh6 Ke7 56. Nd4 h2 57. Kf4 h1=Q 58. Rxh1 Kd6 59. Rh8 Kd5
60. Rd8+ Kc4 61. Ke3 Rb1 62. Ne2 Rh1 63. Rc8+ Kd5 64. Nf4+ Ke5
65. Rc5+ Kd6 66. Rd5+ Kc6 67. Ra5 Rd1 68. Ra6+ Kb5 69. Ra8 Rd7
70. Rc8 Rd6 71. Rb8+ Kc4 72. Rb1 Rd7 73. Rc1+ Kb5 74. Nd3 Re7+
75. Kd2 Re8 76. Rb1+ Kc4 77. Rb4+ Kd5 78. Rf4 Rh8 79. Kc3 Rc8+
80. Kb3 Rb8+ 81. Nb4+ Ke5 82. Rc4 Rh8 83. Kc3 Rh3+ 84. Nd3+
Kd5 85. Rd4+ Ke6 86. Kc4 Rh2 87. Nc5+ Ke5 88. Rd5+ Kf6 89. Nd3
Rh4+ 90. Kc5 f4 91. Ne5 Rh1 92. Ng4+ Kg6 93. Kd6 Re1 94. Ra5
Re2 95. Ne5+ Kf5 96. Nf3+ Kg4 97. Nd4 Rd2 98. Ke5 f3 99. Ra8
f2 100. Rf8 Kh3 101. Ke4 Rxd4+ 102. Kxd4 Kg2 103. Rxf2+ Kxf2
1/2-1/2

[Event "60th Russian Women's SuperFinal"]
[Site "Moscow RUS"]
[Date "2010.11.18"]
[EventDate "2010.11.16"]
[Round "3"]
[Result "1-0"]
[White "Tatiana Kosintseva"]
[Black "Vera Nebolsina"]
[WhiteElo "2581"]
[BlackElo "2377"]
[PlyCount "49"]

1. e4 e5 2. Nf3 Nf6 3. d4 Nxe4 4. Bd3 d5 5. Nxe5 Nd7 6. O-O
Bd6 7. c4 O-O 8. cxd5 Nef6 9. Nxd7 Bxd7 10. Nc3 c6 11. dxc6
Bxc6 12. Bg5 h6 13. Bh4 Be7 14. Re1 Re8 15. Bc4 b5 16. Nxb5
Rb8 17. Nxa7 Ba8 18. Nb5 Qd7 19. Qb3 Kh8 20. a4 Ne4 21. Bxe7
Rxe7 22. Qd3 Rbe8 23. f3 Ng5 24. Rxe7 Qxe7 25. d5 1-0

[Event "60th Russian Women's SuperFinal"]
[Site "Moscow RUS"]
[Date "2010.11.19"]
[EventDate "2010.11.16"]
[Round "4"]
[Result "1/2-1/2"]
[White "Valentina Gunina"]
[Black "Tatiana Kosintseva"]
[WhiteElo "2479"]
[BlackElo "2581"]
[PlyCount "135"]

1. d4 Nf6 2. Nf3 d5 3. c4 e6 4. Nc3 Bb4 5. cxd5 exd5 6. Qa4+
Nc6 7. Bg5 h6 8. Bxf6 Qxf6 9. e3 O-O 10. Be2 Be6 11. a3 Bd6
12. Nb5 Bg4 13. O-O Ne7 14. Nxd6 Qxd6 15. b4 a6 16. Qc2 c6
17. Qc5 Qf6 18. a4 Nf5 19. h3 Bxf3 20. Bxf3 Rae8 21. Rfd1 Nh4
22. Be2 Qg5 23. g3 f5 24. Qc1 Ng6 25. Kf1 Re6 26. Ra3 Qf6
27. Bf3 Ne7 28. b5 cxb5 29. axb5 Rc8 30. Rc3 Rxc3 31. Qxc3
axb5 32. Qc5 Kh7 33. Qxb5 Rb6 34. Qd7 Qd6 35. Qxd6 Rxd6
36. Rc1 Rc6 37. Rb1 b6 38. Rb5 Rd6 39. g4 fxg4 40. hxg4 Kg6
41. Kg2 Kf6 42. Kg3 Ke6 43. Bg2 Kd7 44. f4 Kc6 45. Rb1 Rd8
46. f5 Ng8 47. e4 dxe4 48. Bxe4+ Kc7 49. Rc1+ Kd7 50. Bc6+ Kd6
51. Bb5 Nf6 52. Re1 Kd5 53. Re7 Rg8 54. Ba4 Kxd4 55. Rb7 Ke5
56. Rxb6 Ne4+ 57. Kh4 Nd6 58. Kh5 Ra8 59. Bc6 Ra1 60. Kg6 Rg1
61. Rb4 Nxf5 62. Re4+ Kd6 63. Kxf5 Kxc6 64. Re7 Rf1+ 65. Kg6
Rf4 66. Kh5 g6+ 67. Kxg6 Rxg4+ 68. Kxh6 1/2-1/2

[Event "60th Russian Women's SuperFinal"]
[Site "Moscow RUS"]
[Date "2010.11.21"]
[EventDate "2010.11.16"]
[Round "6"]
[Result "1-0"]
[White "Tatiana Kosintseva"]
[Black "Svetlana Matveeva"]
[WhiteElo "2581"]
[BlackElo "2389"]
[PlyCount "65"]

1. e4 e6 2. d4 d5 3. Nc3 Nf6 4. e5 Nfd7 5. f4 c5 6. Nf3 Nc6
7. Be3 Be7 8. Qd2 a6 9. Bd3 b5 10. a3 Bb7 11. O-O Qb6 12. dxc5
Bxc5 13. Bxc5 Nxc5 14. Kh1 d4 15. Ne4 Nxe5 16. fxe5 Nxe4
17. Qf4 f5 18. exf6 Nxf6 19. Ne5 O-O 20. Qh4 Qc7 21. Rae1 Rad8
22. Kg1 Rd5 23. Ng4 Rd6 24. Re5 h6 25. Nxh6+ gxh6 26. Qxh6 Rd7
27. Rxf6 Rg7 28. Rxf8+ Kxf8 29. Rg5 Qf7 30. h4 Bd5 31. Rg4 e5
32. Rxg7 Qxg7 33. Qd6+ 1-0

[Event "60th Russian Women's SuperFinal"]
[Site "Moscow RUS"]
[Date "2010.11.26"]
[EventDate "2010.11.16"]
[Round "10"]
[Result "1-0"]
[White "Tatiana Kosintseva"]
[Black "Olga Girya"]
[WhiteElo "2581"]
[BlackElo "2435"]
[PlyCount "83"]

1. e4 c6 2. d4 d5 3. e5 Bf5 4. Nd2 e6 5. Nb3 c5 6. dxc5 Bxc5
7. Nxc5 Qa5+ 8. c3 Qxc5 9. Be3 Qc7 10. f4 Nc6 11. Nf3 Nh6
12. Be2 Ng4 13. Bd4 O-O 14. Bc5 Ncxe5 15. Nxe5 Qxc5 16. Nxg4
Bxg4 17. Bxg4 Qe3+ 18. Qe2 Qxf4 19. Bf3 Rac8 20. O-O Qa4
21. a3 Rc4 22. Qf2 a6 23. Rad1 Qb3 24. Rd2 Rf4 25. Qe3 Qc4
26. Rd4 Rxd4 27. cxd4 Rc8 28. h3 Qc2 29. Qf4 Qc7 30. Qxc7 Rxc7
31. Re1 Kf8 32. Kf2 Rc4 33. Ke3 Ke7 34. Kd3 Kd6 35. b3 Rc6
36. Kd2 b5 37. Be2 f6 38. Ra1 Kd7 39. a4 b4 40. a5 e5 41. Rc1
Rd6 42. Bg4+ 1-0

[Event "Women's World Chess Championship"]
[Site "Antakya TUR"]
[Date "2010.12.04"]
[EventDate "2010.12.04"]
[Round "1"]
[Result "1-0"]
[White "Tatiana Kosintseva"]
[Black "Khaled Mona"]
[WhiteElo "2581"]
[BlackElo "2093"]
[PlyCount "75"]

1. e4 c6 2. d4 d5 3. e5 Bf5 4. Nd2 e6 5. Nb3 Nd7 6. Nf3 Ne7
7. Be2 Nc8 8. a4 Be7 9. O-O O-O 10. a5 a6 11. Be3 Na7 12. Ne1
c5 13. f4 Rc8 14. dxc5 Nxc5 15. Nxc5 Bxc5 16. Bxc5 Rxc5 17. b4
Rc7 18. Bd3 Bxd3 19. Nxd3 Nb5 20. Nc5 Qe7 21. Qd3 Na7 22. c3
Nc6 23. Rae1 g6 24. Nb3 Rfc8 25. Rf3 Nb8 26. Qd2 Rc4 27. Ree3
Nc6 28. Rd3 g5 29. Rg3 h6 30. h4 g4 31. Rxg4+ Kh8 32. Rdg3 f5
33. exf6 Qxf6 34. Rg6 Qf8 35. Rxe6 Rxf4 36. Qxd5 Rxh4 37. Rf3
Qg7 38. Qf5 1-0

[Event "Tradewise Gibraltar"]
[Site "Catalan Bay GIB"]
[Date "2011.01.30"]
[EventDate "2011.01.25"]
[Round "6"]
[Result "0-1"]
[White "Tatiana Kosintseva"]
[Black "Espen Forsaa"]
[WhiteElo "2570"]
[BlackElo "2306"]
[PlyCount "70"]

1. e4 c5 2. Nf3 d6 3. d4 cxd4 4. Nxd4 Nf6 5. Nc3 a6 6. Bg5 e6
7. f4 Qb6 8. Qd2 Qxb2 9. Rb1 Qa3 10. e5 h6 11. Bh4 dxe5
12. fxe5 Nd5 13. Nxd5 exd5 14. e6 Bxe6 15. Nxe6 fxe6 16. Bd3
Be7 17. Bg6+ Kd8 18. Bxe7+ Qxe7 19. O-O Nd7 20. Rf7 Qc5+
21. Kh1 Rf8 22. Rxg7 Kc7 23. Qe1 Qd4 24. Re7 e5 25. c4 Kd8
26. Rh7 Qxc4 27. h3 Rc8 28. Rxb7 Rf1+ 29. Kh2 Qf4+ 30. Qg3
Rcc1 31. Rh8+ Ke7 32. Rh7+ Ke6 33. Bf7+ Kf6 34. Qxf4+ exf4
35. Rxh6+ Kxf7 0-1

[Event "Tradewise Gibraltar"]
[Site "Catalan Bay GIB"]
[Date "2011.02.01"]
[EventDate "2011.01.25"]
[Round "8"]
[Result "1-0"]
[White "Tatiana Kosintseva"]
[Black "Achim Illner"]
[WhiteElo "2570"]
[BlackElo "2345"]
[PlyCount "78"]

1. e4 e5 2. Nf3 Nf6 3. d4 Nxe4 4. Bd3 d5 5. Nxe5 Nd7 6. O-O
Nxe5 7. dxe5 Nc5 8. f4 g6 9. Be2 Be7 10. Be3 O-O 11. Nd2 c6
12. c3 f6 13. exf6 Rxf6 14. b4 Ne6 15. Nb3 Bd6 16. Qd2 Qf8
17. g3 Ng7 18. a3 Bh3 19. Rfe1 Nf5 20. Bf2 Qf7 21. Rac1 b5
22. Ra1 Re8 23. a4 a6 24. axb5 axb5 25. Ra7 Qf8 26. Nc5 Bb8
27. Nd7 Bxa7 28. Nxf8 Bxf2+ 29. Kxf2 Kxf8 30. Bf3 Rxe1
31. Qxe1 h5 32. Qe5 Kf7 33. Qb8 Re6 34. Qh8 Ng7 35. Qa8 Nf5
36. c4 bxc4 37. b5 cxb5 38. Bxd5 Nd6 39. Qa7+ Kf6 1-0

[Event "Tradewise Gibraltar"]
[Site "Catalan Bay GIB"]
[Date "2011.02.03"]
[EventDate "2011.01.25"]
[Round "10.34"]
[Result "1-0"]
[White "Tatiana Kosintseva"]
[Black "Andrei Zaremba"]
[WhiteElo "2570"]
[BlackElo "2339"]
[PlyCount "61"]

1. e4 c6 2. d4 d5 3. e5 Bf5 4. Nd2 e6 5. Nb3 h5 6. Nf3 Be7
7. Be2 Nh6 8. O-O Nd7 9. a4 g5 10. Ne1 g4 11. a5 b6 12. Bf4
Bg6 13. f3 gxf3 14. Nxf3 Nf5 15. c4 Kf8 16. Qd2 Kg7 17. Bg5
Bxg5 18. Nxg5 dxc4 19. Bxc4 Qe7 20. Qf4 b5 21. Bd3 Qb4
22. Bxf5 Bxf5 23. Qg3 Kf8 24. Rac1 h4 25. Qe3 Rg8 26. Rxc6
Rxg5 27. Qxg5 Qxb3 28. Rfc1 Bg6 29. Qh6+ Ke7 30. Qxh4+ Kf8
31. Rc8+ 1-0

[Event "Russian Chess Championships Higher League"]
[Site "Taganrog RUS"]
[Date "2011.06.19"]
[EventDate "2011.06.15"]
[Round "5"]
[Result "0-1"]
[White "Viacheslav Diu"]
[Black "Tatiana Kosintseva"]
[WhiteElo "2475"]
[BlackElo "2559"]
[PlyCount "134"]

1. e4 e5 2. Nf3 Nc6 3. Bb5 a6 4. Ba4 Nf6 5. O-O Be7 6. Re1 b5
7. Bb3 d6 8. c3 O-O 9. h3 Nb8 10. d4 Nbd7 11. Nbd2 Bb7 12. Bc2
Re8 13. Nf1 Bf8 14. Ng3 g6 15. a4 c5 16. d5 c4 17. Bg5 h6
18. Be3 Nc5 19. Qd2 h5 20. Ra3 Nfd7 21. Bg5 Be7 22. h4 Nb6
23. a5 Nbd7 24. Rf1 Nf8 25. Bxe7 Qxe7 26. Qh6 Nh7 27. b3 cxb3
28. Bxb3 Bc8 29. Bd1 Bg4 30. Ng5 Nxg5 31. hxg5 Bxd1 32. Rxd1
Qf8 33. Qxf8+ Kxf8 34. f3 Rec8 35. Kf2 Rc7 36. Ne2 Rac8
37. Rb1 Na4 38. Rbb3 Nc5 39. Rb1 Na4 40. Rbb3 Ke7 41. Ke3 h4
42. Kd2 h3 43. g3 h2 44. Ra1 b4 45. Rh1 bxc3+ 46. Kc2 Rh8
47. Rb4 Nc5 48. Rc4 Rb7 49. Nxc3 Rhb8 50. Nd1 Nb3 51. Rxh2
Nd4+ 52. Kd3 Nxf3 53. Ra2 Nxg5 54. Rc6 Rb4 55. Nc3 Rd4+
56. Kc2 Nxe4 57. Rxa6 Nxc3 58. Kxc3 Rxd5 59. Ra7+ Ke6 60. a6
Rc5+ 61. Kd3 Rb3+ 62. Kd2 Rxg3 63. Ra4 Rg2+ 64. Kd3 Rg3+
65. Kd2 Rg2+ 66. Kd3 Rgc2 67. Rb7 R5c3+ 0-1

[Event "Russian Chess Championships Higher League"]
[Site "Taganrog RUS"]
[Date "2011.06.23"]
[EventDate "2011.06.15"]
[Round "8"]
[Result "1-0"]
[White "Tatiana Kosintseva"]
[Black "Konstantin Sek"]
[WhiteElo "2559"]
[BlackElo "2432"]
[PlyCount "55"]

1. e4 e5 2. Nf3 Nc6 3. Bb5 a6 4. Ba4 d6 5. O-O Bg4 6. h3 h5
7. Bxc6+ bxc6 8. d4 Bxf3 9. Qxf3 exd4 10. Rd1 Qf6 11. Qb3 Ne7
12. c3 Qe5 13. cxd4 Qb5 14. Qc2 Ng6 15. Na3 Qb7 16. Nc4 c5
17. dxc5 dxc5 18. f4 Be7 19. f5 Nf8 20. e5 g6 21. f6 Bd8
22. Na5 Qb6 23. Qa4+ Qb5 24. Qe4 Rc8 25. a4 Qb6 26. Nc4 Qe6
27. Qb7 Nh7 28. Bh6 1-0

[Event "Russian Chess Championships Higher League"]
[Site "Taganrog RUS"]
[Date "2011.06.25"]
[EventDate "2011.06.15"]
[Round "10"]
[Result "1-0"]
[White "Igor Lysyj"]
[Black "Tatiana Kosintseva"]
[WhiteElo "2629"]
[BlackElo "2559"]
[PlyCount "99"]

1. d4 Nf6 2. c4 e6 3. Nf3 d5 4. e3 Be7 5. b3 O-O 6. Bd3 b6
7. O-O Bb7 8. Bb2 c5 9. cxd5 Nxd5 10. Qe2 Nd7 11. Rd1 cxd4
12. Nxd4 Nc5 13. Bc4 Qc7 14. Nb5 Qc6 15. Bxd5 exd5 16. Qg4 Qg6
17. Qxg6 hxg6 18. N1c3 Bf6 19. Rac1 Rfd8 20. Ba3 Ne4 21. Nxe4
dxe4 22. Nd6 Be7 23. Nxb7 Rxd1+ 24. Rxd1 Bxa3 25. Rd4 Rc8
26. Rd8+ Rxd8 27. Nxd8 Bd6 28. Nc6 a6 29. g4 f6 30. Nd4 Kf7
31. Kg2 Be5 32. Nc2 Ke6 33. h3 Bc3 34. f3 Kd5 35. f4 f5
36. Kg3 Ke6 37. a4 Kf6 38. Na3 Be1+ 39. Kg2 Bb4 40. g5+ Ke6
41. Nc4 Bc3 42. Nxb6 a5 43. Nc4 Kd5 44. Na3 Bb4 45. Nc2 Bc5
46. Kf2 Bb4 47. Nxb4+ axb4 48. h4 Kc5 49. Kg3 Kd5 50. h5 1-0

[Event "Russian Chess Championships Higher League"]
[Site "Taganrog RUS"]
[Date "2011.06.26"]
[EventDate "2011.06.15"]
[Round "11"]
[Result "1/2-1/2"]
[White "Tatiana Kosintseva"]
[Black "Vasily Papin"]
[WhiteElo "2559"]
[BlackElo "2565"]
[PlyCount "278"]

1. e4 c5 2. Nf3 a6 3. c3 d5 4. exd5 Qxd5 5. d4 Nf6 6. Be2 cxd4
7. cxd4 e6 8. Nc3 Qd6 9. Ne5 Nc6 10. Nxc6 Qxc6 11. O-O Be7
12. Bf3 Qd6 13. g3 O-O 14. Bf4 Qb6 15. Na4 Qd8 16. Qb3 Bd6
17. Be5 Rb8 18. Rac1 b5 19. Nc5 Qe7 20. Rfd1 Rd8 21. Qe3 Nd5
22. Bxd5 exd5 23. Re1 Be6 24. Bxd6 Rxd6 25. f4 g6 26. Qf3 Rbb6
27. Re5 Rbc6 28. Rce1 h5 29. b4 Qf6 30. Qe3 Kg7 31. a3 Bf5
32. Rf1 Rc8 33. Rf2 Rc7 34. Kg2 Rc8 35. h3 Rc7 36. Rd2 Qd8
37. Kh2 Qf6 38. Kg2 Qd8 39. Kh2 Qf6 40. Qf3 Qd8 41. Qe2 Qf6
42. Kg2 Qd8 43. Re8 Qf6 44. Qe5 Ra7 45. Re2 Be4+ 46. Kf2 Bf5
47. Kg2 Be4+ 48. Kh2 Rb6 49. g4 hxg4 50. hxg4 a5 51. g5 Qxe5
52. fxe5 Bf5 53. Kg3 axb4 54. axb4 Ra3+ 55. Kf4 Rh3 56. Ra2
Rh4+ 57. Kf3 Rh3+ 58. Kg2 Rh5 59. Ra7 Rxg5+ 60. Kf3 Be4+
61. Nxe4 dxe4+ 62. Kxe4 Rc6 63. e6 Rf5 64. Ree7 Kg8 65. Ra8+
Kg7 66. Raa7 Kg8 67. exf7+ Kg7 68. Re8 Rxf7 69. Rxf7+ Kxf7
70. Rb8 Re6+ 71. Kd3 g5 72. Rxb5 Rg6 73. Ke4 g4 74. Kf5 g3
75. Rb7+ Ke8 76. Kxg6 g2 77. Kf6 g1=Q 78. d5 Kd8 79. b5 Kc8
80. Re7 Qb6+ 81. Ke5 Qxb5 82. Ke6 Qc4 83. Kd6 Qa6+ 84. Ke5
Qa1+ 85. Ke6 Qe1+ 86. Kd6 Qb4+ 87. Ke6 Qg4+ 88. Ke5 Kd8 89. d6
Qf3 90. Rc7 Qh5+ 91. Ke6 Qe2+ 92. Kd5 Qb5+ 93. Ke6 Qa4 94. Kd5
Qa8+ 95. Ke5 Qf3 96. Re7 Qe3+ 97. Kd5 Qd3+ 98. Ke5 Qb5+
99. Ke6 Qc6 100. Ke5 Qc5+ 101. Ke6 Qd4 102. Rd7+ Kc8 103. Rc7+
Kd8 104. Rd7+ Kc8 105. Rc7+ Kb8 106. Re7 Qe4+ 107. Kd7 Qd5
108. Re1 Qb5+ 109. Ke7 Qg5+ 110. Kd7 Qg4+ 111. Re6 Kb7
112. Ke7 Qg5+ 113. Ke8 Qh5+ 114. Ke7 Qh4+ 115. Ke8 Qh8+
116. Ke7 Qg7+ 117. Kd8 Qf8+ 118. Kd7 Kb6 119. Re7 Qf6 120. Re6
Qf7+ 121. Re7 Qd5 122. Re6 Kc5 123. Ke7 Qg5+ 124. Rf6 Qg7+
125. Ke6 Kc6 126. Ke5 Qa7 127. Ke6 Qe3+ 128. Kf7 Kd7 129. Kg6
Qe5 130. Kg7 Qh5 131. Rh6 Qe5+ 132. Rf6 Qe8 133. Rf8 Qe4
134. Rf6 Qd4 135. Kf7 Qe5 136. Kg7 Ke8 137. Kg6 Kd7 138. Kg7
Qxf6+ 139. Kxf6 Kxd6 1/2-1/2

[Event "FIDE Women's Grand Prix Nalchik"]
[Site "Nalchik RUS"]
[Date "2011.10.17"]
[EventDate "2011.10.09"]
[Round "8"]
[Result "1/2-1/2"]
[White "Kateryna Lahno"]
[Black "Tatiana Kosintseva"]
[WhiteElo "2554"]
[BlackElo "2536"]
[PlyCount "82"]

1. d4 Nf6 2. c4 e6 3. Nc3 Bb4 4. e3 O-O 5. Bd3 c5 6. Nge2 cxd4
7. exd4 d5 8. cxd5 Nxd5 9. O-O Nc6 10. Nxd5 exd5 11. Nf4 Ne7
12. Qf3 Bd6 13. Re1 Bxf4 14. Bxf4 Ng6 15. Bd2 Qb6 16. Qxd5
Qxb2 17. Bg5 Be6 18. Qd6 Qb6 19. Qxb6 axb6 20. a4 Ra5 21. Bd2
Rd5 22. Be3 Ne7 23. Rab1 Rd6 24. Be4 Nd5 25. Bxd5 Bxd5 26. Bf4
Re6 27. Bc7 Ra8 28. Re5 Rxe5 29. dxe5 Rxa4 30. Bxb6 f6
31. exf6 gxf6 32. f3 Kf7 33. Kf2 Ra2+ 34. Kg3 Ke6 35. Bd4 Bc6
36. Bb6 Bd5 37. Rb4 Kf7 38. Rh4 Kg6 39. Rg4+ Kf7 40. Rh4 Kg6
41. Rg4+ Kf7 1/2-1/2

[Event "FIDE Women's Grand Prix Nalchik"]
[Site "Nalchik RUS"]
[Date "2011.10.20"]
[EventDate "2011.10.09"]
[Round "10"]
[Result "1-0"]
[White "Zhao Xue"]
[Black "Tatiana Kosintseva"]
[WhiteElo "2497"]
[BlackElo "2536"]
[PlyCount "57"]

1. d4 Nf6 2. c4 e6 3. Nf3 Bb4+ 4. Nbd2 O-O 5. a3 Be7 6. g3 b6
7. Bg2 Bb7 8. O-O c5 9. d5 exd5 10. Nh4 Bc6 11. cxd5 Nxd5
12. Nf5 Nc7 13. e4 Bf6 14. Re1 d6 15. Nc4 d5 16. Ncd6 dxe4
17. Qg4 Kh8 18. Nxe4 Ne6 19. Be3 Nd7 20. Rad1 Rb8 21. Rd6 Bxe4
22. Bxe4 Qc7 23. Nxg7 Rg8 24. Qd1 Rxg7 25. Rxd7 Qe5 26. Bh6
Qxb2 27. Bxg7+ Nxg7 28. Rxf7 Bd4 29. Qf3 1-0

[Event "FIDE Women's World Team Championship"]
[Site "Mardin TUR"]
[Date "2011.12.27"]
[EventDate "2011.12.18"]
[Round "9"]
[Result "1/2-1/2"]
[White "Tatiana Kosintseva"]
[Black "Elina Danielian"]
[WhiteElo "2526"]
[BlackElo "2497"]
[PlyCount "22"]

1. e4 c6 2. d4 d5 3. e5 Bf5 4. Nf3 e6 5. Be2 Nd7 6. O-O h6
7. Nbd2 Ne7 8. Nb3 Bh7 9. Bd2 Nc8 10. a4 Be7 11. a5 a6 1/2-1/2

[Event "Russian Women's Superfinals"]
[Site "Moscow RUS"]
[Date "2012.08.05"]
[EventDate "2012.08.03"]
[Round "3"]
[Result "1/2-1/2"]
[White "Alisa Galliamova"]
[Black "Tatiana Kosintseva"]
[WhiteElo "2465"]
[BlackElo "2530"]
[PlyCount "83"]

1. c4 Nf6 2. Nc3 e5 3. g3 d5 4. cxd5 Nxd5 5. Bg2 Nb6 6. e3 Be7
7. Nge2 O-O 8. O-O c6 9. f4 exf4 10. Nxf4 N8d7 11. d4 Nf6
12. e4 Bg4 13. Qd3 Nh5 14. h3 Nxf4 15. gxf4 Be6 16. d5 f5
17. Qd2 cxd5 18. exd5 Bf7 19. b3 Nc8 20. Qd3 Nd6 21. Ba3 Qa5
22. Nb5 Be8 23. Nxd6 Bxd6 24. Bxd6 Qb6+ 25. Rf2 Qxd6 26. Qd4
Bd7 27. Qe5 Qb6 28. d6 Rae8 29. Qd5+ Re6 30. Re1 Rff6 31. Re5
Rg6 32. Kf1 Qxd6 33. Rxe6 Rxe6 34. Qxd6 Rxd6 35. Bxb7 Kf7
36. Kg2 Kf6 37. Rc2 h6 38. h4 g5 39. hxg5+ hxg5 40. fxg5+ Kxg5
41. Bf3 Kf4 42. Kf2 1/2-1/2

[Event "Russian Women's Superfinals"]
[Site "Moscow RUS"]
[Date "2012.08.06"]
[EventDate "2012.08.03"]
[Round "4"]
[Result "1-0"]
[White "Tatiana Kosintseva"]
[Black "Olga Girya"]
[WhiteElo "2530"]
[BlackElo "2433"]
[PlyCount "131"]

1. e4 c5 2. Nf3 Nc6 3. Nc3 e6 4. d4 cxd4 5. Nxd4 Qc7 6. Be3
Nf6 7. f4 Bb4 8. Ndb5 Qa5 9. e5 Nd5 10. Bd2 Nxc3 11. Bxc3 O-O
12. Qd2 f6 13. exf6 Rxf6 14. a3 Bxc3 15. Nxc3 d5 16. g3 Bd7
17. Bg2 Be8 18. O-O Qb6+ 19. Kh1 Bg6 20. b3 Qd4 21. Rad1 Qxd2
22. Rxd2 Ne7 23. Nb5 a6 24. Nd6 b6 25. Nc4 b5 26. Ne5 Rc8
27. Rff2 Nc6 28. Nd7 Rf7 29. Nc5 Nd8 30. b4 Rc6 31. g4 Nb7
32. f5 Nxc5 33. bxc5 Rxc5 34. fxg6 hxg6 35. Rfe2 Rc6 36. h3 g5
37. Re5 Rf6 38. Re3 Kf7 39. Kh2 Rc5 40. Kg3 Rf4 41. Rde2 Rf6
42. Rd3 Rf4 43. Bf3 Rf6 44. Re5 Rxc2 45. Rxg5 Rc1 46. Re5 Rg1+
47. Kh2 Rc1 48. g5 Rf4 49. Kg3 Ra4 50. Rde3 d4 51. R3e4 d3
52. Rxe6 Rxe4 53. Rxe4 Rc3 54. h4 Rxa3 55. h5 Rc3 56. Rd4 a5
57. Kf4 a4 58. Bd5+ Ke7 59. Ke4 d2 60. Rxd2 Rh3 61. Kf5 Rxh5
62. Bc6 Rh4 63. Bxb5 Rb4 64. Bc6 Rc4 65. Rd7+ Kf8 66. Bd5 1-0